Yurumanguí por dentro : historia de poblamiento, luchas y resistencias /

Detalles Bibliográficos
Autor principal: Caicedo Arroyo, Mary Lili (Autor)
Formato: Electrónico eBook
Lenguaje:español
Publicado: Bogotá, Colombia : Editorial Aula de Humanidades, 2025.
Edición:Primera edición.
Colección:Colección Ciencias sociales (Editorial Aula de Humanidades). Serie Historia.
Materias:
Acceso en línea:Digitalia Hispánica

MARC

LEADER 00000nam a2200000Ii 4500
001 DIGAUHUM0098
003 NyNyDIG
006 m o d
007 cr |||||||||||
008 260205s2025 ck o ob 000 0 spa d
035 |a (OCoLC)1573182020 
040 |a DGITA  |b eng  |e rda  |e pn  |c DGITA 
020 |a 9786287777651  |q (versión digital) 
020 |z 9786287777644  |q (versión impresa) 
050 1 4 |a HN310.Z9 ebook 
100 1 |a Caicedo Arroyo, Mary Lili,  |e author. 
245 1 0 |a Yurumanguí por dentro :  |b historia de poblamiento, luchas y resistencias /  |c Mary Lili Caicedo Arroyo. 
250 |a Primera edición. 
264 1 |a Bogotá, Colombia :  |b Editorial Aula de Humanidades,  |c 2025. 
300 |a 1 online resource :  |b photographs. 
336 |a text  |b txt  |2 rdacontent 
337 |a computer  |b c  |2 rdamedia 
338 |a online resource  |b cr  |2 rdacarrier 
347 |a text file  |2 rdaft 
347 |b PDF 
490 1 |a Colección: Ciencias sociales. Serie: Historia 
504 |a Includes bibliographical references. 
588 0 |a Online resource; title from PDF title page (Digitalia, viewed February 5, 2026) 
650 0 |a Black people  |z Colombia  |z Pacific Coast  |x Social conditions. 
650 0 |a Peace-building  |z Colombia  |z Pacific Coast. 
650 0 |a Population  |x History  |z Colombia  |z Pacific Coast. 
650 0 |a Political violence  |z Colombia  |z Pacific Coast. 
791 2 |a Digitalia (Firm),  |e distributor. 
793 0 |g Digitalia eBook Collection:  |a Editorial Aula de Humanidades 
776 0 8 |i Print version:  |a Caicedo Arroyo, Mary Lili.  |t Yurumanguí por dentro.  |b Primera edición.  |d Bogotá, Colombia : Editorial Aula de Humanidades, 2025  |z 9786287777644 
830 0 |a Colección Ciencias sociales (Editorial Aula de Humanidades).  |p Serie Historia. 
856 4 0 |3 Digitalia Hispánica  |u https://www.digitaliapublishing.com/a/182548/ 
910 |a Premium collection: 2026